000 00538nam a2200205Ia 4500
005 20250508165054.0
008 008 250505s9999 xx 000 0 hin d
037 _aTextual
040 _aFEDL
_beng
_cFEDL
041 _ahin
_2hin
084 _a891.439 092, ZAI
_qFEDL
100 _aZaidi Ali Jawad
245 0 _aMir Anis
260 _aNew Delhi, India
_bSahitya Akademi
_c1991
300 _a112p.
365 _aINR
_b150
546 _aMACESE
942 _cTEXL
_h891.439 092, ZAI
999 _c1392983
_d1392983